[Event "34. Kieler Open 2022"]
[Site "Kiel"]
[Date "2022.08.03"]
[Round "7.54"]
[White "Kathage, Holger"]
[Black "Aguike, Toshiya"]
[Result "0-1"]
[WhiteElo "1655"]
[BlackElo "1412"]
[PlyCount "78"]
[EventDate "2022.??.??"]

1. d4 d5 2. Nf3 Bf5 3. e3 e6 4. Bd3 Bxd3 5. Qxd3 c6 6. Nbd2 Nf6 7. Ne5 Nbd7 8.
f4 Be7 9. O-O O-O 10. b3 c5 11. c3 Ne8 12. Bb2 f6 13. Nxd7 Qxd7 14. Rf3 f5 15.
Rh3 Nf6 16. Nf3 Ng4 17. Qe2 Rf6 18. Rd1 Rg6 19. Rg3 h5 20. h3 h4 21. Rxg4 fxg4
22. Ne5 Qe8 23. Nxg6 Qxg6 24. hxg4 a6 25. Qf3 Qc2 26. Ba3 Qxa2 27. Bxc5 Bxc5
28. dxc5 Qxb3 29. Rc1 Qb2 30. Qf1 Rc8 31. Qe1 Rxc5 32. Rb1 Qxc3 33. Qxh4 Qxe3+
34. Kh2 Qxf4+ 35. Kg1 Rc1+ 36. Rxc1 Qxc1+ 37. Kf2 Qd2+ 38. Kg1 Qd4+ 39. Kf1
Qf6+ 0-1

[Event "34. Kieler Open 2022"]
[Site "Kiel"]
[Date "2022.08.03"]
[Round "7.55"]
[White "Aguike, Chidera"]
[Black "Storm, Max"]
[Result "0-1"]
[WhiteElo "1267"]
[BlackElo "1550"]
[PlyCount "110"]
[EventDate "2022.??.??"]

1. e4 e6 2. Nf3 d5 3. exd5 exd5 4. d4 Bd6 5. c4 dxc4 6. Bxc4 Nf6 7. Qe2+ Be7 8.
Nc3 O-O 9. O-O Bg4 10. Be3 Nbd7 11. h3 Bh5 12. Bd3 Nb6 13. Ne4 Re8 14. g4 Bg6
15. Qc2 Nxe4 16. Bxe4 Bxe4 17. Qxe4 Bg5 18. Bxg5 Rxe4 19. Bxd8 Rxd8 20. Rfe1
Rf4 21. Re3 Nd5 22. Rb3 Kf8 23. Kg2 b6 24. Kg3 Re8 25. Rb5 Rd8 26. Rxd5 Rxf3+
27. Kxf3 Rxd5 28. Ke4 Rd7 29. f4 Ke7 30. Rc1 Kd6 31. f5 Re7+ 32. Kf3 f6 33. Rc2
Kd5 34. Rd2 Kc4 35. h4 Kd5 36. g5 c6 37. Rd3 Re4 38. Kg3 h6 39. gxh6 gxh6 40.
a4 h5 41. Rc3 Rxd4 42. Re3 Rg4+ 43. Kf3 Rxh4 44. Re6 Rxa4 45. Rxf6 Ke5 46. Rh6
Rf4+ 47. Ke3 Rxf5 48. Rxc6 Kd5 49. Rc7 a5 50. Rd7+ Kc6 51. Rh7 Kb5 52. Rc7 Rc5
53. Rg7 Kb4 54. Kd3 Kb3 55. Rb7 Rb5 0-1

[Event "34. Kieler Open 2022"]
[Site "Kiel"]
[Date "2022.08.03"]
[Round "7.56"]
[White "Wartenberg, Alexander"]
[Black "Haertel, Leon"]
[Result "1-0"]
[WhiteElo "1623"]
[BlackElo "1080"]
[PlyCount "111"]
[EventDate "2022.??.??"]

1. d4 d5 2. Bf4 Nf6 3. e3 Bf5 4. c3 c6 5. c4 Qb6 6. Qb3 Qxb3 7. axb3 Nbd7 8. c5
e6 9. Nf3 Be7 10. Be2 O-O 11. O-O h6 12. Nc3 Nh5 13. Bg3 Nxg3 14. hxg3 Rfb8 15.
b4 Nf6 16. b5 Ne4 17. Nxe4 Bxe4 18. Nd2 Bg6 19. Ra2 cxb5 20. Bxb5 a6 21. Rfa1
Rc8 22. Be2 e5 23. b4 exd4 24. exd4 Rab8 25. Bf3 Rd8 26. Nf1 Bf6 27. Rd1 Bf5
28. Ne3 Be6 29. Rb2 b6 30. Ra2 bxc5 31. bxc5 Ra8 32. Bg4 a5 33. Ra4 Rd7 34. Kf1
Kf8 35. Bf3 Bd8 36. Rda1 f5 37. Ke2 g5 38. g4 f4 39. Nd1 Re7 40. Kd3 Bd7 41.
Bxd5 Bb5+ 42. Kc3 Rb8 43. R4a2 a4 44. Bc4 Ba5+ 45. Kd3 Bxc4+ 46. Kxc4 Rb4+ 47.
Kd5 Rd7+ 48. Kc6 Rdxd4 49. Nc3 Rb8 50. Nxa4 Rdb4 51. Rb2 Rc8+ 52. Kd5 Rd8+ 53.
Ke6 Re8+ 54. Kf5 Rbe4 55. f3 R8e6 56. fxe4 1-0

[Event "34. Kieler Open 2022"]
[Site "Kiel"]
[Date "2022.08.03"]
[Round "7.58"]
[White "Yueksel, Anja"]
[Black "Wartenberg, Julian"]
[Result "1-0"]
[WhiteElo "1388"]
[BlackElo "1540"]
[PlyCount "117"]
[EventDate "2022.??.??"]

1. e4 c5 2. Nf3 e6 3. d4 cxd4 4. Nxd4 Nf6 5. Nc3 Nc6 6. Be3 Bb4 7. Nxc6 bxc6 8.
Bd3 O-O 9. Bd2 d5 10. e5 Nd7 11. Qe2 Qa5 12. a3 d4 13. Ne4 Bxd2+ 14. Nxd2 Qxe5
15. Be4 Bb7 16. Nc4 Qc7 17. O-O-O c5 18. f3 a5 19. h4 a4 20. h5 Bxe4 21. Qxe4
h6 22. Rdg1 Nf6 23. Qd3 Rfe8 24. g4 Nh7 25. Qd2 e5 26. Re1 Ng5 27. Rhf1 e4 28.
fxe4 Rxe4 29. Rxe4 Nxe4 30. Qg2 Re8 31. Re1 Nf6 32. Rxe8+ Nxe8 33. Kb1 Nf6 34.
Qa8+ Kh7 35. Qxa4 Nxg4 36. Qb3 Nf6 37. Qf3 Qd7 38. b3 Qg4 39. Qxg4 Nxg4 40. a4
Nf6 41. a5 Nd5 42. a6 Nc7 43. a7 Na8 44. Ka2 g5 45. hxg6+ fxg6 46. Ka3 h5 47.
Ka4 h4 48. Ne5 h3 49. Ng4 Kg7 50. Kb5 Kf7 51. Kxc5 Ke7 52. Kc6 Kd8 53. Kb7 Nc7
54. b4 Kd7 55. b5 Nxb5 56. a8=Q Nd6+ 57. Kb8 Ke6 58. Qc6 Ke7 59. Qh1 1-0

[Event "34. Kieler Open 2022"]
[Site "Kiel"]
[Date "2022.08.03"]
[Round "7.60"]
[White "Tabakh, Najat"]
[Black "Diederichs, Karl"]
[Result "0-1"]
[WhiteElo "1313"]
[BlackElo "1528"]
[PlyCount "72"]
[EventDate "2022.??.??"]

1. e4 e6 2. d4 d5 3. exd5 exd5 4. Nc3 Nf6 5. Bd3 Be7 6. Bf4 c6 7. Nge2 O-O 8.
O-O Nbd7 9. Re1 Re8 10. Ng3 Nf8 11. Qd2 Ng6 12. Bg5 h6 13. Bf4 Nh4 14. h3 Bxh3
15. Bxh6 Bxg2 16. Be2 gxh6 17. Qf4 Ne4 18. Ncxe4 Bxe4 19. Qxh6 Bg5 20. Qh5 Bg6
21. Qg4 Qf6 22. Nh5 Bxh5 23. Qxh5 Kg7 24. f3 Qxd4+ 25. Kf1 Qf4 26. Qg4 Qxg4 27.
fxg4 Re3 28. Rad1 Rae8 29. Bd3 Rf3+ 30. Kg1 Be3+ 31. Kh2 Rf2+ 32. Kg3 Rf3+ 33.
Kh2 Rh8 34. Re2 Nf5+ 35. Kg2 Rg3+ 36. Kf1 Rh1# 0-1

[Event "34. Kieler Open 2022"]
[Site "Kiel"]
[Date "2022.08.03"]
[Round "7.61"]
[White "Schacht, David"]
[Black "Tran, Hanna Emilie Mai Hoa"]
[Result "1-0"]
[WhiteElo "1517"]
[BlackElo "1260"]
[PlyCount "151"]
[EventDate "2022.??.??"]

1. e4 d6 2. d4 Nf6 3. Nc3 e5 4. dxe5 dxe5 5. Qxd8+ Kxd8 6. Bg5 Nbd7 7. O-O-O
Be7 8. Nf3 h6 9. Bh4 Ke8 10. Nd5 Bd8 11. Nc3 c6 12. Rg1 g5 13. Bg3 Bc7 14. Nd2
Nh5 15. Nc4 Nxg3 16. fxg3 b5 17. Nd6+ Kf8 18. Be2 Nf6 19. Rgf1 Kg7 20. Nf5+
Bxf5 21. exf5 Rad8 22. Bf3 Rxd1+ 23. Rxd1 b4 24. Na4 e4 25. Be2 Nd5 26. Nc5 Re8
27. Rd4 Bb6 28. Rxe4 Rxe4 29. Nxe4 Ne3 30. f6+ Kg8 31. Nd6 Bd4 32. Nc8 Kf8 33.
Ne7 c5 34. Nc6 Bxf6 35. Nxa7 Nxg2 36. Kd2 g4 37. Bxg4 Bg5+ 38. Ke2 Ne3 39. h4
Nxg4 40. hxg5 hxg5 41. Nc6 Nf6 42. Kf3 Ke8 43. Ne5 Ke7 44. Nd3 Kd6 45. Nf2 Kd5
46. Nd1 Ke6 47. g4 Nd5 48. Nf2 Nb6 49. Ne4 f6 50. Nxc5+ Kd5 51. Nd3 Kc4 52. Ke4
Kb5 53. Kf5 Nd5 54. Ke6 Kc4 55. Ne1 Ne3 56. Kxf6 Nxg4+ 57. Kxg5 Ne3 58. Nd3
Nxc2 59. Ne5+ Kd5 60. Kf4 Nd4 61. Nd3 b3 62. a3 Nb5 63. Ke3 Nxa3 64. bxa3 Kc4
65. Kd2 Kd4 66. Nb2 Kc5 67. Kc3 Kb5 68. Kxb3 Ka5 69. a4 Kb6 70. Kb4 Ka6 71. Nc4
Kb7 72. Kb5 Ka7 73. a5 Kb7 74. Nd6+ Ka7 75. Ne8 Kb7 76. a6+ 1-0

[Event "34. Kieler Open 2022"]
[Site "Kiel"]
[Date "2022.08.03"]
[Round "7.62"]
[White "Gade, Niels Severin"]
[Black "Sauer, Ben"]
[Result "1-0"]
[WhiteElo "1505"]
[BlackElo "1254"]
[PlyCount "39"]
[EventDate "2022.??.??"]

1. e4 c5 2. Nf3 Nc6 3. Nc3 e6 4. d4 cxd4 5. Nxd4 Nge7 6. Be3 d5 7. exd5 exd5 8.
Bb5 Bd7 9. O-O g6 10. Re1 Bg7 11. Nxc6 bxc6 12. Bc5 Bf8 13. Ba4 Qc7 14. Qd4 Rg8
15. Qf6 Qd8 16. Nxd5 cxd5 17. Rxe7+ Bxe7 18. Re1 Bxa4 19. Rxe7+ Kf8 20. Qxf7#
1-0

[Event "34. Kieler Open 2022"]
[Site "Kiel"]
[Date "2022.08.03"]
[Round "7.63"]
[White "Rudolph, Simon"]
[Black "Jacobasch, Ronja"]
[Result "0-1"]
[WhiteElo "1229"]
[BlackElo "1457"]
[PlyCount "152"]
[EventDate "2022.??.??"]

1. e4 d6 2. d4 Nf6 3. Nc3 g6 4. Nf3 Bg7 5. Be2 O-O 6. O-O Nbd7 7. e5 dxe5 8.
dxe5 Ng4 9. e6 Nde5 10. exf7+ Nxf7 11. Bf4 c6 12. Ng5 Nf6 13. Bc4 Bf5 14. Nxf7
Rxf7 15. Bxf7+ Kxf7 16. Qxd8 Rxd8 17. Rac1 Nd5 18. Nxd5 cxd5 19. c3 Rc8 20.
Rfd1 e6 21. Be3 b6 22. f3 h5 23. h3 h4 24. Re1 Rc4 25. Bd2 Bf6 26. b3 Rc8 27.
Bf4 Rxc3 28. Rxc3 Bxc3 29. Rc1 Bd4+ 30. Kf1 Kf6 31. Ke2 Bc5 32. Rd1 e5 33. Bh2
d4 34. Kf1 Bc2 35. Re1 Bd6 36. Bg1 Bd3+ 37. Kf2 e4 38. fxe4 Bg3+ 39. Kf3 Bxe1
40. Bxd4+ Ke6 41. Ke3 {(=)} Bf1 42. Kf3 Bb4 43. Kg4 Bxg2 44. Kxh4 Bxe4 45. Kg5
Be7+ 46. Kg4 Bb1 47. a4 Bc2 48. a5 Bc5 49. Bc3 Bxb3 50. axb6 axb6 51. Kg5 Bc2
52. h4 Be3+ 53. Kg4 Bd1+ 54. Kg3 Kf5 55. Be1 b5 56. Kh3 Bg4+ 57. Kg2 Bf4 58.
Bb4 {(=)} Ke4 59. Kf2 Kd3 60. h5 Bxh5 61. Kg2 g5 62. Kh3 Bf7 63. Kg4 Be6+ 64.
Kf3 Bd2 65. Be7 g4+ 66. Kg3 Be1+ 67. Kg2 g3 68. Bc5 Bd5+ 69. Kh3 g2 70. Kh2 b4
71. Bxb4 Bxb4 72. Kg1 Bc5+ 73. Kh2 g1=Q+ 74. Kh3 Qg2+ 75. Kh4 Be7+ 76. Kh5 Qg5#
0-1

[Event "34. Kieler Open 2022"]
[Site "Kiel"]
[Date "2022.08.03"]
[Round "7.64"]
[White "Dotschuweit, Erik"]
[Black "Christiansen, Jana-Marie"]
[Result "1-0"]
[WhiteElo "1393"]
[BlackElo "1128"]
[PlyCount "49"]
[EventDate "2022.??.??"]

1. e4 e6 2. d4 d5 3. exd5 exd5 4. Nc3 Nf6 5. Bg5 Be6 6. Nf3 c5 7. Bb5+ Nc6 8.
O-O a6 9. Bxc6+ bxc6 10. Re1 Be7 11. dxc5 Bxc5 12. Ne5 Qc7 13. Qf3 Be7 14. Rad1
h6 15. Bxf6 Bxf6 16. Ng4 Be7 17. Ne5 O-O 18. Qg3 Bd6 19. f4 Qb6+ 20. Kh1 Bf5
21. Nc4 Qc7 22. Ne5 Bxc2 23. Rc1 Bf5 24. Nxd5 c5 25. Nxc7 1-0

[Event "34. Kieler Open 2022"]
[Site "Kiel"]
[Date "2022.08.03"]
[Round "7.65"]
[White "Frahm, Ben Jonas"]
[Black "Farokhi, Darian"]
[Result "0-1"]
[WhiteElo "1156"]
[BlackElo "1384"]
[PlyCount "72"]
[EventDate "2022.??.??"]

1. e4 e5 2. Nf3 Nc6 3. Bc4 Nf6 4. Ng5 d5 5. exd5 Na5 6. Bb5+ c6 7. dxc6 bxc6 8.
Ba4 h6 9. Nf3 e4 10. Qe2 Be6 11. Ne5 Qd4 12. Bxc6+ Nxc6 13. Nxc6 Qc5 14. Qa6
Bc8 15. b4 Qxc2 16. Na3 Qxc1+ 17. Rxc1 Bxa6 18. Rc3 Bb7 19. b5 Nd5 20. Rb3 Bxc6
21. bxc6 Bxa3 22. Rxa3 Nb4 23. Re3 Nc2+ 24. Ke2 Nxe3 25. dxe3 Rc8 26. Rc1 Ke7
27. Rc4 f5 28. Ra4 Rc7 29. f3 exf3+ 30. gxf3 Rb8 31. Kd3 Rd8+ 32. Ke2 Rd6 33.
e4 fxe4 34. Rxe4+ Re6 35. Rxe6+ Kxe6 36. Ke3 Rxc6 0-1

[Event "34. Kieler Open 2022"]
[Site "Kiel"]
[Date "2022.08.03"]
[Round "7.66"]
[White "Aminmansour, Bardia"]
[Black "Wahle, Diane"]
[Result "1-0"]
[WhiteElo "1344"]
[BlackElo "816"]
[PlyCount "55"]
[EventDate "2022.??.??"]

1. c4 e5 2. Nc3 Nc6 3. g3 Nf6 4. Bg2 Bc5 5. e3 d6 6. Nge2 O-O 7. d4 exd4 8.
exd4 Nxd4 9. Nxd4 Re8+ 10. Nde2 Bg4 11. O-O Bf5 12. Bxb7 Rb8 13. Bg2 Ng4 14.
Nf4 Qf6 15. Nfd5 Qg6 16. Nf4 Qh6 17. h3 Ne3 18. Bxe3 Bxe3 19. fxe3 Rxe3 20.
Ncd5 Rxg3 21. Ne7+ Kh8 22. Nxf5 Qg5 23. Nxg3 Qxg3 24. Qf3 Qg5 25. Ne6 Kg8 26.
Qxf7+ Kh8 27. Qf8+ Rxf8 28. Rxf8# 1-0

[Event "34. Kieler Open 2022"]
[Site "Kiel"]
[Date "2022.08.03"]
[Round "7.67"]
[White "Schroeder, Jakob"]
[Black "Sonnenberg, Andre"]
[Result "1-0"]
[WhiteElo "906"]
[BlackElo "1341"]
[PlyCount "81"]
[EventDate "2022.??.??"]

1. e4 e5 2. Nf3 Nc6 3. Nc3 Nf6 4. d4 exd4 5. Nxd4 Nxd4 6. Qxd4 d6 7. Bg5 Be7 8.
Bc4 O-O 9. O-O-O Be6 10. Bxe6 fxe6 11. e5 c5 12. Qh4 Nd5 13. Bxe7 Qxe7 14. Qxe7
Nxe7 15. exd6 Nc6 16. f3 Kf7 17. Rhe1 Nd4 18. Ne2 Nxe2+ 19. Rxe2 Rad8 20. c4
Rd7 21. Kc2 Rfd8 22. Red2 e5 23. Rd5 Ke6 24. Rxc5 Rxd6 25. Rxd6+ Rxd6 26. Rc7
Rd7 27. Rxd7 Kxd7 28. Kd3 Kd6 29. Ke4 Kc5 30. Kxe5 Kxc4 31. Kd6 b5 32. Kc6 b4
33. b3+ Kd4 34. Kb5 Kc3 35. Kc5 a6 36. f4 h5 37. h4 g6 38. g3 a5 39. Kb5 Kb2
40. Kxa5 Ka3 41. Kb5 1-0

[Event "34. Kieler Open 2022"]
[Site "Kiel"]
[Date "2022.08.03"]
[Round "7.68"]
[White "Sorge, Elias"]
[Black "Klein, Edmund"]
[Result "0-1"]
[WhiteElo "906"]
[BlackElo "1323"]
[PlyCount "91"]
[EventDate "2022.??.??"]

1. d4 d5 2. c4 e6 3. e3 Nf6 4. Nf3 Be7 5. Nc3 O-O 6. Bd3 a6 7. cxd5 exd5 8. O-O
c6 9. Re1 Bd6 10. e4 dxe4 11. Nxe4 Nxe4 12. Bxe4 f5 13. Bg5 Qb6 14. Bd3 Qc7 15.
Ne5 b5 16. a4 Bb7 17. axb5 cxb5 18. Qh5 Bxe5 19. Rxe5 g6 20. Re7 Qxe7 21. Bxe7
gxh5 22. Bxf8 Kxf8 23. Bxf5 Kg7 24. Rd1 Bd5 25. f3 Nc6 26. Be4 Rd8 27. Rc1 Bxe4
28. fxe4 Nxd4 29. Rc7+ Kg6 30. Kf2 Rf8+ 31. Ke3 Rd8 32. Ra7 Nc2+ 33. Ke2 Nb4
34. Ke3 Rd6 35. h3 Re6 36. Kf3 Nd3 37. b3 Nc5 38. g4 hxg4+ 39. hxg4 Nxb3 40.
Rc7 Nd2+ 41. Kf4 Rxe4+ 42. Kg3 Re6 43. Rc2 Nc4 44. Rh2 h6 45. Ra2 a5 46. Rh2
0-1

[Event "34. Kieler Open 2022"]
[Site "Kiel"]
[Date "2022.08.03"]
[Round "7.69"]
[White "Eitel, Luc"]
[Black "Zielke, Bernd"]
[Result "1/2-1/2"]
[WhiteElo "1163"]
[BlackElo "1648"]
[PlyCount "114"]
[EventDate "2022.??.??"]

1. e4 c5 2. Nf3 e6 3. c3 Nc6 4. d4 d5 5. e5 a6 6. Na3 c4 7. Nc2 b5 8. g3 Qd7 9.
Bg2 f5 10. Bf4 g6 11. b4 cxb3 12. axb3 Nh6 13. Qd2 Nf7 14. h4 h6 15. b4 Bb7 16.
Ne3 Be7 17. g4 Qc7 18. gxf5 gxf5 19. O-O Qd8 20. Bg3 Kd7 21. Kh2 Qf8 22. Nc2
Rg8 23. Bh3 Nh8 24. Ne3 Qf7 25. Ng2 Qh7 26. Rg1 Raf8 27. Bf4 Nf7 28. Ne3 Ncd8
29. Rae1 Ke8 30. Ng2 Rg7 31. Qe3 {(=)} Rfg8 32. Bg3 Nh8 33. Nf4 h5 34. Ng2 Ng6
35. Nf4 Nxf4 36. Qxf4 Nf7 37. Rg2 Nh6 38. Kg1 Ng4 39. Kh1 Rg6 40. Reg1 R8g7 41.
Nh2 Qh6 42. Qxh6 Nxh6 43. Nf3 Ng4 44. Bxg4 fxg4 45. Ne1 Rf7 46. Rf1 Rg8 47. f4
gxf3 48. Rxf3 Rg4 49. Rxf7 Kxf7 50. Nf3 Kg6 51. Bf2 Kf5 52. Rxg4 Kxg4 53. Kg2
Bc6 54. Nh2+ Kf5 55. Kf3 Be8 56. Nf1 Bf7 57. Nd2 Bg6 1/2-1/2

[Event "34. Kieler Open 2022"]
[Site "Kiel"]
[Date "2022.08.03"]
[Round "7.71"]
[White "Friedrich, Heike"]
[Black "Peglau, Lorena"]
[Result "1-0"]
[WhiteElo "1472"]
[BlackElo "1207"]
[PlyCount "73"]
[EventDate "2022.??.??"]

1. e4 e6 2. d4 d5 3. e5 c5 4. Nf3 Nc6 5. c3 cxd4 6. cxd4 Bd7 7. a3 Nge7 8. Bg5
Qb6 9. b4 Ng6 10. Be2 Be7 11. Bxe7 Ngxe7 12. Nc3 O-O 13. Na4 Qc7 14. Rc1 Qd8
15. O-O Rc8 16. Nc5 b6 17. Nb7 Qc7 18. Nd6 Ra8 19. b5 Qb8 20. bxc6 Bxc6 21. Bb5
Bxb5 22. Nxb5 Qb7 23. Rc7 Qa6 24. Nd6 Ng6 25. Qc1 Qd3 26. Qc3 Qe2 27. g3 h5 28.
Qe3 Qxe3 29. fxe3 a6 30. Ng5 b5 31. Ndxf7 Rfe8 32. Nd6 Reb8 33. Rff7 b4 34.
Rxg7+ Kh8 35. Rh7+ Kg8 36. Rcg7+ Kf8 37. Nxe6# 1-0

[Event "34. Kieler Open 2022"]
[Site "Kiel"]
[Date "2022.08.03"]
[Round "7.72"]
[White "Hemmerling, Dominik"]
[Black "Schwitkowski, Luka"]
[Result "1/2-1/2"]
[WhiteElo "993"]
[BlackElo "1297"]
[PlyCount "103"]
[EventDate "2022.??.??"]

1. e4 c5 2. Nf3 d6 3. d4 cxd4 4. Nxd4 Nf6 5. Nc3 a6 6. Bd3 e5 7. Nf3 Be7 8. O-O
O-O 9. Bg5 Be6 10. h3 Nbd7 11. Qe2 Rc8 12. Bh4 Qc7 13. Ng5 Bc4 14. Bxc4 Qxc4
15. Qxc4 Rxc4 16. Rfe1 h6 17. Nf3 Rfc8 18. Red1 g5 19. Bg3 Nxe4 20. Nd5 Bf8 21.
c3 Nxg3 22. fxg3 f5 23. Ne3 R4c6 24. Nxf5 Kf7 25. g4 Nf6 26. Rd2 Re8 27. Rad1
d5 28. Re2 Rce6 29. Rde1 Bc5+ 30. Kf1 e4 31. N3d4 Bxd4 32. cxd4 Kg6 33. Re3 h5
34. Rg3 hxg4 35. hxg4 Rf8 36. Kg1 Rb6 37. b3 Nxg4 38. Ne7+ Kf7 39. Nxd5 Rd6 40.
Rxg4 Rxd5 41. Rgxe4 Kg6 {(=)} 42. Rd1 Rfd8 43. g4 R8d7 44. Kg2 b5 45. Kg3 a5
46. a3 Rc7 47. Rd3 Rc1 48. Re6+ Kf7 49. Ra6 b4 50. a4 Rf1 51. Rc6 Rf4 52. Rc4
1/2-1/2

[Event "34. Kieler Open 2022"]
[Site "Kiel"]
[Date "2022.08.03"]
[Round "7.73"]
[White "Mueller, Ariana"]
[Black "Bruehl, Rainer"]
[Result "0-1"]
[WhiteElo "975"]
[BlackElo "1264"]
[PlyCount "72"]
[EventDate "2022.??.??"]

1. e4 e5 2. Nf3 Nf6 3. Nxe5 d6 4. Nf3 Nxe4 5. d4 d5 6. Bd3 Bg4 7. O-O Be7 8.
Re1 f5 9. Nc3 O-O 10. Bf4 Bb4 11. Re3 Nc6 12. Qe1 Bxf3 13. Rxf3 Nxd4 14. Qd1
Nxf3+ 15. Qxf3 Bxc3 16. bxc3 Nxc3 17. Qg3 Qd7 18. Bxc7 Rac8 19. Be5 Rf7 20. Qg5
Ne4 21. Qh5 Qe6 22. Bd4 Qg6 23. Qh3 Nd6 24. Bxa7 Ne4 25. Rc1 b6 26. Bxe4 dxe4
27. Qb3 Rcc7 28. Bxb6 Rb7 29. Rb1 h6 30. a4 Rxb6 31. Qxb6 Qxb6 32. Rxb6 Ra7 33.
Rb4 Kf7 34. Rb5 Rxa4 35. Rxf5+ Kg6 36. Rf4 Ra1# 0-1

[Event "34. Kieler Open 2022"]
[Site "Kiel"]
[Date "2022.08.03"]
[Round "7.76"]
[White "Tabakh, Tassnim"]
[Black "Malinowsky, Yvonne"]
[Result "1-0"]
[WhiteElo "1241"]
[BlackElo "1232"]
[PlyCount "73"]
[EventDate "2022.??.??"]

1. e4 e5 2. Nf3 Nc6 3. c3 Nf6 4. d4 exd4 5. e5 Ne4 6. cxd4 Bb4+ 7. Bd2 Qe7 8.
a3 Bxd2+ 9. Nbxd2 Nxd2 10. Qxd2 O-O 11. Bb5 a6 12. Bxc6 bxc6 13. O-O Re8 14.
Rae1 a5 15. Kh1 Ba6 16. Rg1 Rab8 17. Qxa5 Rxb2 18. Qxa6 Rxf2 19. h3 Qe6 20.
Rgf1 Rxf1+ 21. Rxf1 h6 22. Qb7 Qa2 {(=)} 23. Qxc7 Qxa3 24. Qxd7 Qe7 25. Qxe7
Rxe7 26. Rc1 f6 27. exf6 Re4 28. Rxc6 gxf6 29. Rxf6 Kg7 30. Ra6 h5 31. Kh2 h4
32. g3 Re2+ 33. Kg1 hxg3 34. h4 Rf2 35. Ng5 g2 36. Kxf2 g1=Q+ 37. Kxg1 1-0

[Event "34. Kieler Open 2022"]
[Site "Kiel"]
[Date "2022.08.03"]
[Round "7.78"]
[White "Hock, Reiner"]
[Black "Krause, Volker"]
[Result "0-1"]
[WhiteElo "1311"]
[BlackElo "1230"]
[PlyCount "92"]
[EventDate "2022.??.??"]

1. d4 d5 2. Nf3 c6 3. Bf4 Nf6 4. e3 Bf5 5. h3 e6 6. Nbd2 Bd6 7. Ne5 Bxe5 8.
Bxe5 Nbd7 9. Nf3 Nxe5 10. Nxe5 O-O 11. Bd3 Bxd3 12. cxd3 Qa5+ 13. Ke2 Qc7 14.
Re1 Nd7 15. Kf1 Nxe5 16. dxe5 Qxe5 17. Kg1 Qxb2 18. Qg4 f5 19. Qf4 e5 20. Qg3
f4 21. exf4 exf4 22. Qf3 Rae8 23. Kh2 Rxe1 24. Rxe1 Qxa2 25. Re7 b5 26. Qg4 g6
27. Qd7 Qb2 28. Rxh7 a5 29. Rh6 Qg7 30. Qe6+ Qf7 31. Rxg6+ Kh7 32. Qxf7+ Rxf7
33. Rxc6 Ra7 34. Rc5 a4 35. Rxb5 a3 36. Rb1 a2 37. Ra1 Kg6 38. Kg1 Kf5 39. f3
Ke5 40. Kf2 Kd4 41. Ke2 Kc3 42. Rc1+ Kb2 43. Kd2 a1=Q 44. Rc2+ Kb3 45. Rc1 Ra2+
46. Kd1 Qb2 0-1

[Event "34. Kieler Open 2022"]
[Site "Kiel"]
[Date "2022.08.04"]
[Round "8.1"]
[White "Arndt, Magnus"]
[Black "Legky, Nikolay A"]
[Result "1/2-1/2"]
[WhiteElo "2359"]
[BlackElo "2374"]
[PlyCount "101"]
[EventDate "2022.??.??"]

1. d4 d5 2. c4 e6 3. Nf3 dxc4 4. e3 Nf6 5. Bxc4 c5 6. O-O Nc6 7. Nc3 Be7 8.
dxc5 Qxd1 9. Rxd1 Bxc5 10. a3 O-O 11. b4 Be7 12. Bb2 Bd7 13. e4 Rfd8 14. e5 Ng4
15. Ne4 Nh6 16. h3 b5 17. Bxb5 Nxe5 18. Bxd7 Nxd7 19. Rac1 Nf5 20. g4 Nh4 21.
Nxh4 Bxh4 22. g5 Nb6 23. Kg2 Rd5 24. f4 h6 25. gxh6 Rad8 26. Rxd5 exd5 27. Nd2
d4 28. Kf3 gxh6 29. Nb3 d3 30. Nd2 Re8 31. Rg1+ Kf8 32. Bg7+ Ke7 33. Bxh6 Kd6
34. Bg5 Be1 35. Rg2 f5 36. Bf6 Kd5 37. Be5 Rc8 38. Nf1 Nc4 39. Rg6 Nxe5+ 40.
fxe5 Kxe5 41. Rg7 Rc1 42. Rd7 Bxb4 43. Rxd3 Rxf1+ 44. Kg2 Rb1 45. axb4 Rxb4 46.
Ra3 Rb7 47. Kf3 Kd4 48. Kf4 Rf7 49. h4 Kc4 50. h5 Kb4 51. Rh3 1/2-1/2

[Event "34. Kieler Open 2022"]
[Site "Kiel"]
[Date "2022.08.04"]
[Round "8.2"]
[White "Doll, Alexander"]
[Black "Browning, Alex"]
[Result "1-0"]
[WhiteElo "2180"]
[BlackElo "2294"]
[PlyCount "61"]
[EventDate "2022.??.??"]

1. e4 c5 2. Nf3 Nc6 3. d4 cxd4 4. Nxd4 g6 5. c4 Bg7 6. Be3 Nf6 7. Nc3 O-O 8.
Be2 d6 9. O-O Nxd4 10. Bxd4 Bd7 11. h3 Bc6 12. Qc2 a5 13. Rad1 Nd7 14. Bxg7
Kxg7 15. Bg4 Nc5 16. e5 h5 17. Be2 e6 18. Qc1 a4 19. Rxd6 Qh4 20. Qe3 Ra5 21.
Rfd1 Rc8 22. R6d4 Qe7 23. Bf3 Rc7 24. Bxc6 bxc6 25. Rd6 Rb7 26. Qd2 Qc7 27. Qf4
Qe7 28. Rxc6 Rxb2 {=} 29. Rxc5 Rxc5 30. Nxa4 Rb8 31. Qf6+ 1-0

[Event "34. Kieler Open 2022"]
[Site "Kiel"]
[Date "2022.08.04"]
[Round "8.3"]
[White "Rudolph, Johannes"]
[Black "Ruhland, Cliff"]
[Result "1/2-1/2"]
[WhiteElo "2363"]
[BlackElo "1997"]
[PlyCount "59"]
[EventDate "2022.??.??"]

1. d4 d5 2. c4 c6 3. Nf3 Nf6 4. Nc3 a6 5. e3 e6 6. Qc2 Nbd7 7. b3 Bd6 8. Bb2
O-O 9. Bd3 Re8 10. O-O dxc4 11. Bxc4 b5 12. Bd3 Bb7 13. Ne4 Nxe4 14. Bxe4 g6
15. Rfd1 Rc8 16. Rac1 Qe7 17. Qe2 e5 18. dxe5 Nxe5 19. Nxe5 Bxe5 20. Bxe5 Qxe5
21. Bf3 Re7 22. Qd3 Rcc7 23. h4 h5 24. b4 Qf6 25. Qd4 Qxd4 26. Rxd4 Red7 27.
Rcd1 Bc8 28. Kf1 Kf8 29. Ke2 Rxd4 30. exd4 1/2-1/2

[Event "34. Kieler Open 2022"]
[Site "Kiel"]
[Date "2022.08.04"]
[Round "8.5"]
[White "Popvasilev, Kaloyan"]
[Black "Basener, Winfried"]
[Result "1-0"]
[WhiteElo "2208"]
[BlackElo "2078"]
[PlyCount "65"]
[EventDate "2022.??.??"]

1. e4 e6 2. d3 d5 3. Qe2 dxe4 4. dxe4 e5 5. Nc3 c6 6. Bd2 Qc7 7. O-O-O Be6 8.
f4 f6 9. Nf3 Nd7 10. f5 Bf7 11. Kb1 Ne7 12. g4 Nc8 13. g5 b5 14. Qf2 Ncb6 15.
Nh4 Nc4 16. g6 Bg8 17. gxh7 Rxh7 18. Bxc4 Bxc4 19. Ng6 Bc5 20. Be3 Bb4 21. Ne2
O-O-O 22. Nc1 Ba5 23. Nb3 Bb6 24. h4 Bxe3 25. Qxe3 Nb6 26. Qc5 Rxd1+ 27. Rxd1
Kb7 28. Na5+ Ka6 29. Nxc6 Bf7 30. Qa3+ Kb7 31. Qxa7+ Kxc6 32. Ne7+ Qxe7 33.
Qxe7 1-0

[Event "34. Kieler Open 2022"]
[Site "Kiel"]
[Date "2022.08.04"]
[Round "8.6"]
[White "Doll, Stefan"]
[Black "Schubert, Christian"]
[Result "1-0"]
[WhiteElo "2134"]
[BlackElo "1764"]
[PlyCount "32"]
[EventDate "2022.??.??"]

1. e4 d6 2. d4 Nf6 3. Nc3 g6 4. f4 Bg7 5. Nf3 O-O 6. e5 Nfd7 7. h4 c5 8. h5
cxd4 9. Qxd4 Nc6 10. Qf2 dxe5 11. hxg6 hxg6 12. Bc4 Qb6 13. Qh4 Re8 14. Qh7+
Kf8 15. Bxf7 Kxf7 16. Ng5+ Kf6 1-0

[Event "34. Kieler Open 2022"]
[Site "Kiel"]
[Date "2022.08.04"]
[Round "8.7"]
[White "Wunder, Niklas"]
[Black "Ehrig, Leon Chris"]
[Result "1-0"]
[WhiteElo "2079"]
[BlackElo "1832"]
[PlyCount "49"]
[EventDate "2022.??.??"]

1. e4 c5 2. Nf3 e6 3. g3 Nc6 4. Bg2 a6 5. O-O Nf6 6. Re1 Be7 7. d4 cxd4 8. Nxd4
Qc7 9. Nxc6 bxc6 10. e5 Nd5 11. c4 Nb6 12. Qg4 g5 13. Qh5 h6 14. b3 Bb7 15. Nc3
O-O-O 16. Ne4 Qxe5 {=} 17. Bf4 Qg7 18. Nd6+ Bxd6 19. Bxd6 f6 20. Qf3 Ba8 21.
Qc3 Bb7 22. Qd4 Na8 23. Qa7 Nc7 24. b4 Na8 25. Qb8# 1-0

[Event "34. Kieler Open 2022"]
[Site "Kiel"]
[Date "2022.08.04"]
[Round "8.8"]
[White "Annegarn, Alexander"]
[Black "Herrmann, Arthur"]
[Result "1-0"]
[WhiteElo "2000"]
[BlackElo "1563"]
[PlyCount "101"]
[EventDate "2022.??.??"]

1. e4 c6 2. e5 d5 3. d4 c5 4. Nc3 cxd4 5. Qxd4 e6 6. Nf3 Nc6 7. Qg4 Nge7 8. Bg5
Qb6 9. O-O-O Ng6 10. Bd3 Bb4 11. Be3 Qa5 12. Nb5 a6 13. Nd6+ Bxd6 14. exd6 Qxa2
15. h4 Qa1+ 16. Kd2 Qa5+ 17. c3 e5 18. Bf5 Bxf5 19. Qxf5 d4 20. d7+ Kd8 21. Ng5
dxe3+ 22. fxe3 Kc7 23. Qxf7 Nd8 24. Qxg7 Qa2 25. Kc1 Qg8 26. Qf6 Qf8 27. Ne6+
Nxe6 28. Qxe6 Rd8 29. h5 Qe7 30. Qc4+ Kb8 31. hxg6 hxg6 {=} 32. Rxh8 Rxh8 33.
Qd3 Rd8 34. Qxg6 Rxd7 35. Rxd7 Qxd7 36. g4 Qb5 37. Qd6+ Kc8 38. Qe6+ Kd8 39. c4
Qb3 40. Qd5+ Kc8 41. Qe4 Qb4 42. Kc2 Qa4+ 43. Kc3 b5 44. Qc6+ Kd8 45. cxb5 axb5
46. Qd6+ Kc8 47. Qb4 Qd1 48. Qc5+ Kd8 49. Qxe5 Qxg4 50. Qd4+ Qxd4+ 51. Kxd4 1-0

[Event "34. Kieler Open 2022"]
[Site "Kiel"]
[Date "2022.08.04"]
[Round "8.9"]
[White "Dittrich, Gunnar"]
[Black "Riechenberg, Sebastian"]
[Result "1-0"]
[WhiteElo "1994"]
[BlackElo "1606"]
[PlyCount "33"]
[EventDate "2022.??.??"]

1. e4 e5 2. Bc4 Nf6 3. d3 Bc5 4. Nc3 c6 5. a4 d6 6. f4 Ng4 7. fxe5 Qh4+ 8. g3
Bf2+ 9. Kf1 Bxg3 10. Qf3 Nxh2+ 11. Rxh2 Bxh2 12. Qxf7+ Kd8 13. e6 Qf6+ 14. Nf3
Rf8 15. Bg5 Rxf7 16. exf7 Qxg5 17. f8=Q+ 1-0